00670nai a2200169Ia 4500003000900000008004100009022002200050022002300072040001600095245006000111260008600171310001400257362003000271521006900301650003900370856009100409IN-BaIIA211028c9999 xx s 000 0 eng d a0018-9537 (Print) a2162-1403 (Online) cIIA Library 0aIEEE Transactions on Sonics and Ultrasonicsh[eJournal] aNew York, USAbThe Institute of Electrical and Electronics Engineers, Inc. (IEEE) aBimonthly a11(1); 1964 - 32(6); 1985 bSubscribed through National Knowledge Resource Consortium (NKRC) aFields, Waves and Electromagnetics uhttps://ieeexplore.ieee.org/servlet/opac?punumber=10326yClick Here to Access eJournal